| 000 | 01461nam a2200349 c 4500 | ||
|---|---|---|---|
| 003 | BLK | ||
| 005 | 20250716122023.0 | ||
| 008 | 180408b bul|||||r ||||||| ||bul|| | ||
| 010 | _aKNG00090787000 | ||
| 020 |
_a978-954-27-0352-5 _bиздат.: Егмонт България |
||
| 040 | _aBLK | ||
| 041 |
_aBUL _cBUL |
||
| 080 |
_aАмериканска литература (на САЩ) _b821.111(73) _x-31 _z821.111(73)-31 |
||
| 100 | 1 |
_aМайър, Стефани _eпърви автор _9368972 |
|
| 700 | 1 |
_aВиденова, Елка Йорданова _eпрев. _9370686 |
|
| 139 |
_aМайър, Стефани _bМ 18 |
||
| 245 | 1 | 0 |
_aЗазоряване _bРоман _cСтефани Майър; прев. Елка Йорданова Виденова. |
| 257 | _aUSA | ||
| 260 |
_аСофия _bЕгмонт България _c2009 _fотпеч. в Германия |
||
| 300 |
_a758 с. _c21 см |
||
| 380 | _aX | ||
| 500 | _aОриг. загл. Breaking Dawn / Stephenie Meyer. - Офс. изд. - Съдържа и за авт. Продълж. на романа Здрач, Новолуние, Затъмнение. | ||
| 653 | _aромани | ||
| 653 | _aхорър | ||
| 653 | _aвампири | ||
| 852 | _aЦб 244878 | ||
| 856 | 4 |
_qpdf _u |
|
| 856 | 4 |
_qpdf _u |
|
| 942 |
_cKNG _n0 _031 |
||
| 944 |
_aCR _c12.08.2009 _lВиолета Тройчева _k30552 |
||
| 944 |
_aED _c28.10.2015 _lф / _kЛюдмила_Стоянова |
||
| 999 |
_c86167 _d86167 |
||